| 000 | 00679cam a22002293a 4500 | ||
|---|---|---|---|
| 001 | 7472 | ||
| 003 | PGUSA | ||
| 005 | 20140828083145.0 | ||
| 008 | 050201s2005||||xxu|||||s|||||000 1 eng d | ||
| 040 |
_aPGUSA _beng |
||
| 042 | _adc | ||
| 050 | 4 | _aPS | |
| 100 | 1 |
_aBellamy, Edward, _d1850-1898 |
|
| 245 | 1 | 4 |
_aThe Duke of Stockbridge : _bA Romance of Shays' Rebellion _h[electronic resource] / _cEdward Bellamy |
| 260 |
_bProject Gutenberg, _c2005 |
||
| 506 | _aPublic domain in the USA. | ||
| 516 | _aElectronic text | ||
| 653 | _aShays' Rebellion, 1786-1787 -- Fiction | ||
| 830 | 0 |
_aProject Gutenberg _v7472 |
|
| 856 | 4 | 0 | _uhttp://www.gutenberg.org/ebooks/7472 |
| 942 | _cEB | ||
| 999 |
_c236792 _d236792 |
||